|
|
|
|
| LEADER |
00000nam0a2200000 4500 |
| 001 |
26561 |
| 005 |
20231030201657.0 |
| 010 |
|
|
|a 5890702092
|
| 035 |
|
|
|a (RuTPU)RU\TPU\book\26805
|
| 035 |
|
|
|a BOOK00026880
|
| 090 |
|
|
|a 26561
|
| 100 |
|
|
|a 20011209d2000 k y0rusy50 ca
|
| 101 |
0 |
|
|a rus
|
| 102 |
|
|
|a RU
|
| 105 |
|
|
|a a z 100zy
|
| 200 |
1 |
|
|a Безопасность жизнедеятельности предприятий в угольных регионах
|e Материалы IV Международной научно-практической конференции, Кемерово, 21-23 ноября 2000 года
|f Кузбасский государственный технический университет (КузГТУ)
|
| 210 |
|
|
|a Кемерово
|c [Б. и.]
|d 2000
|
| 215 |
|
|
|a 230 с.
|c ил.
|
| 610 |
1 |
|
|a угольная промышленность
|
| 610 |
1 |
|
|a безопасность
|
| 610 |
1 |
|
|a охрана труда
|
| 610 |
1 |
|
|a промышленная безопасность
|
| 610 |
1 |
|
|a экологическая безопасность
|
| 610 |
1 |
|
|a чрезвычайные ситуации
|
| 610 |
1 |
|
|a жизнедеятельность
|
| 610 |
1 |
|
|a опасности
|
| 610 |
1 |
|
|a конференции
|
| 610 |
1 |
|
|a Кемерово
|
| 675 |
|
|
|a 622.8(063)
|v 3
|
| 712 |
1 |
2 |
|a Безопасность жизнедеятельности предприятий в угольных регионах
|b Международная научно-практическая конференция
|d 4
|e Кемерово
|f 2000
|
| 712 |
0 |
2 |
|a Кузбасский государственный технический университет (КузГТУ)
|c (Кемерово)
|2 stltpush
|3 (RuTPU)RU\TPU\col\89
|
| 801 |
|
0 |
|a RU
|b 63413507
|c 20011209
|g PSBO
|
| 801 |
|
2 |
|a RU
|b 63413507
|c 20100503
|g PSBO
|
| 942 |
|
|
|c BK
|